'And' Idioms Quiz Stats

 Plays Quiz Updated Mar 8, 2018

Score 0/42 Timer 04:00
8 Plays Today
First Word Third Word % Correct
PinsNeedles
94.2%
ApplesOranges
92.4%
FleshBlood
92.2%
BreadButter
91.7%
TrialError
90.1%
NookCranny
88.7%
LeapsBounds
86.7%
DownOut
86%
BodySoul
85.6%
OddsEnds
84.3%
NipTuck
84.1%
ByLarge
84%
HammerTongs
83.4%
GiveTake
82.1%
BellsWhistles
78.7%
KissTell
77.5%
SafeSound
77.1%
SkinBone
75.7%
DeadGone
75.6%
NutsBolts
74.5%
NullVoid
73.4%
First Word Third Word % Correct
BeckCall
71.9%
SongDance
69.4%
LoBehold
67.8%
OutAbout
66%
MoverShaker
65.6%
FineDandy
61.1%
MeatPotatoes
58.6%
StandDeliver
56.7%
SickTired
56.2%
BoundDetermined
53.1%
KitCaboodle
50.6%
WaxWane
48.2%
RankFile
47.3%
ChapterVerse
43.1%
FairSquare
42.5%
PureSimple
42%
SmokeMirrors
41.8%
TouchGo
37.8%
NeckNeck
37.4%
LeanMean
36.5%
PartParcel
35.4%

You're not logged in!

Compare scores with friends on all Sporcle quizzes.
OR
Log In

Sporcle TV

Today on Sporcle TV


Watch our educational content, quiz creation guides, and fun videos on Sporcle TV.

Show Comments

Extras

Top Quizzes Today


Score Distribution

Your Account Isn't Verified!

In order to create a playlist on Sporcle, you need to verify the email address you used during registration. Go to your Sporcle Settings to finish the process.

Report this User

Report this user for behavior that violates our Community Guidelines.

Details: